000 00324nam a22001337a 4500
008 170623b xxu||||| |||| 00| 0 eng d
020 _a9789280811056
041 _aeng
080 _a32
100 _a21
101 _aSHM
245 _aTRANSFORMATION OF CITIES IN CENTRAL AND EASTERN EUROPE
_cHAMILTON, I
942 _2udc
_cBK
999 _c18939
_d18939